| 000 | 00823cam a2200253 a 4500 | ||
|---|---|---|---|
| 001 | 000001145 | ||
| 003 | DO-SdBNP | ||
| 005 | 20250318111522.0 | ||
| 008 | 751212s1975 sp 000 0 spa | ||
| 020 | _a8471664674 | ||
| 040 |
_aDO-SdBNP _bspa _cBNPHU |
||
| 082 |
_a970.01 _bS211a |
||
| 100 | 1 |
_aSánchez, Luis Alberto, _d1900-1994 _93913 |
|
| 245 | 1 | 0 |
_aAmérica precolombina, descubrimiento y colonización / _cLuis Alberto Sánchez. |
| 260 |
_aMadrid : _bEDAF, _c1975. |
||
| 300 |
_a313 p. ; _c19 cm. |
||
| 490 | 1 |
_aHistoria del mundo _v7 |
|
| 490 | 1 | _aNueva historia | |
| 651 | 0 |
_aAmérica -- _xDescubrimiento y exploración -- _xEspañoles _vEnsayo, conferencias, etc. _9544 |
|
| 651 | 4 |
_aAmérica _xHistoria _9865 |
|
| 830 | 0 |
_aNueva historia _93915 |
|
| 830 | 0 |
_aHistoria del mundo ; _v7 _93916 |
|
| 942 |
_2ddc _cLBS1 |
||
| 999 |
_c1099 _d1099 |
||